El futuro de la auditoría en España / (Record no. 84849)

MARC details
000 -LEADER
campo de control de longitud fija 00655nam a2200169 i 4500
001 - NÚMERO DE CONTROL
campo de control 84849
003 - IDENTIFICADOR DE NÚMERO DE CONTROL
campo de control ES-MaACL
005 - FECHA Y HORA DE LA ÚLTIMA TRANSACCIÓN
campo de control 20230906175125.0
007 - CAMPO FIJO DE DESCRIPCIÓN FÍSICA--INFORMACIÓN GENERAL
campo de control de longitud fija t|
008 - DATOS DE LONGITUD FIJA--INFORMACIÓN GENERAL
campo de control de longitud fija 041124s1982 sp ||||1| spa d
111 2# - ENTRADA PRINCIPAL--NOMBRE DE CONGRESO/REUNIÓN
Nombre de congreso/reunión o jurisdicción como elemento de entrada Jornadas sobre el Futuro de la Auditoría en España (
Fecha del congreso o de la firma del tratado 1981.
Sede del congreso/Lugar de la reunión Madrid)
9 (RLIN) 860
245 13 - MENCIÓN DEL TÍTULO
Título El futuro de la auditoría en España /
Mención de responsabilidad, etc. Jornadas sobre el Futuro de la Auditoría en España, 1981, Madrid ; dirección y coordinación, Leandro Cañibano.
260 ## - PUBLICACIÓN, DISTRIBUCIÓN, ETC.
Lugar de publicación, distribución, etc. [Madrid] :
Nombre del editor, distribuidor, etc. Fundación Universidad Empresa,
Fecha de publicación, distribución, etc. [1982]
300 ## - DESCRIPCIÓN FÍSICA
Extensión 302 p. ;
Dimensiones 22 cm.
700 1# - ENTRADA AGREGADA--NOMBRE PERSONAL
Nombre de persona Cañibano Calvo, Leandro.
9 (RLIN) 34753
852 ## - LOCALIZACIÓN
Ubicación ES-MaACL
Número de control de estantería L-2613
Sublocalización o colección R.103365
Holdings
Estatus retirado Estado de pérdida Estado de daño No para préstamo Biblioteca de origen Biblioteca actual Ubicación en estantería Fecha de adquisición Fuente de adquisición Total de préstamos Signatura topográfica completa Código de barras Visto por última vez Precio de reemplazo Tipo de ítem Koha
        Biblioteca del Ateneo de Madrid Biblioteca del Ateneo de Madrid Depósito 2 17/01/2008     L-2613 1088672 23/02/2023 23/02/2023 Libro impreso